Normal view MARC view

Entry Nombre personal

Number of records used in: 4

001 - NÚMERO DE CONTROL

  • campo de control: 95138

003 - IDENTIFICADOR DE NÚMERO DE CONTROL

  • campo de control: SpMaBN

005 - FECHA Y HORA DE LA ÚLTIMA TRANSACCIÓN

  • campo de control: 20231226134126.0

008 - ELEMENTOS DE DATO DE LONGITUD-FIJA

  • campo de control de longitud fija: 901120nn aijnnaabn n aaa

016 ## - NÚMERO DE CONTROL DE UNA AGENCIA BIBLIOGRÁFICA NACIONAL

  • Número de control del registro: BNE19900148991

024 7# - IDENTIFICADOR DE OTROS ESTÁNDARES

  • Número estándar o código: http://viaf.org/viaf/79321423/
  • Fuente: viaf

024 7# - IDENTIFICADOR DE OTROS ESTÁNDARES

  • Número estándar o código: https://isni.org/isni/0000000059276053
  • Fuente: isni

024 7# - IDENTIFICADOR DE OTROS ESTÁNDARES

  • Número estándar o código: http://www.wikidata.org/entity/Q5952201
  • Fuente: wikidata

040 ## - FUENTE DE CATALOGACIÓN

  • Centro catalogador/agencia de origen: SpMaBN
  • Lengua de catalogación: spa
  • Centro/agencia transcriptor: SpMaBN
  • Normas de descripción: rdc
  • Convención/Normas de encabezamiento de materia/tesauro: embne

046 ## - FECHAS CON CODIFICACIÓN ESPECIAL

  • Fecha de nacimiento: 1917
  • Fecha de la muerte: 2010

100 1# - ENCABEZAMIENTO-NOMBRE DE PERSONA

  • Nombre de persona: Ramírez de Lucas, Juan,
  • Fechas asociadas al nombre: 1917-2010

370 ## - LUGAR ASOCIADO

  • Lugar de nacimiento: Albacete, España
  • Fuente de información: (Wikidata)
  • Número de control del registro de autoridad o número normalizado: XX450682

373 ## - GRUPO ASOCIADO

  • Grupo asociado: Ateneo de Madrid
  • Fuente de información: Web del Ateneo

374 ## - OCUPACIÓN

  • Ocupación: Escritores
  • Fuente de información: Wikidata

375 ## - GÉNERO/SEXO

  • Género: Masculino

377 ## - IDIOMA ASOCIADO

  • Término de lengua/lenguaje: Español

670 ## - FUENTE DE DATOS ENCONTRADOS

  • Cita de la fuente: Carnaval y máscara..., 1985

670 ## - FUENTE DE DATOS ENCONTRADOS

  • Cita de la fuente: lDatos aportados por Miguel Bullido Flandes, 20-12-2010
  • Información encontrada: (Juan Ramírez de Lucas, n. 1917 en Albacete, m. 2010 en Madrid; Coleccionista y crítico de arte)

678 ## - DATOS BIOGRÁFICOS O HISTÓRICOS

  • Datos biográficos o históricos: Socio del Ateneo de Madrid
  • Ampliación de la nota: Fuente: Web del Ateneo